| 000 | 01641cad a22002415a 4500 | ||
|---|---|---|---|
| 001 | L156595 | ||
| 008 | 120611s2012 xxk 000 0 eng d | ||
| 035 | _a(Sirsi) u156595 | ||
| 041 | 0 | _aeng | |
| 110 | 2 |
_aJones Lang LaSalle _93755 |
|
| 245 | 0 | 0 |
_aGlobal market perspective _bQ2 2012 _h[electronic resource] |
| 260 |
_a[S.l.] _bJones Lang LaSalle _c2012 |
||
| 490 |
_aJones Lang LaSalle Global Market Perspective Global Foresight Series _vQ2 2012 |
||
| 520 | _aThe world's major commercial real estate markets have been in recovery mode since the crisis of 2008/2009, with 2011 having shown the strongest evidence of an upswing so far. Q1 2012 market data suggests a slowing market with investment and leasing volumes down by about one-fifth on a year ago. A more positive outlook for the global economy; a significant weight of capital targeting commercial real estate; and a strong pipeline of deal, however, all indicate that the global real estate markets will continue a measured recovery during the rest of 2012. | ||
| 520 | _aGlobal economy -- global property -- global real estate health monitor -- real estate capital -- corporate occupiers -- office markets -- retail markets --industrial warehousing markets -- hotel markets -- residential markets -- recent key transactions. | ||
| 590 | _aKA | ||
| 650 | 2 | 4 | _aJONES LANG LASALLE GLOBAL MARKET PERSPECTIVE |
| 651 | 4 | _aInternational | |
| 690 |
_aCommercial property _96227 |
||
| 690 |
_aResidential property _96266 |
||
| 856 | 4 | 0 |
_uhttps://www.jll.ca/canada/en-ca/Research/Global-Market-Perspective-Q2-2012.pdf _zView the report free of charge at www.jll.ca |
| 942 | _n0 | ||
| 999 |
_c114309 _d114309 |
||